Statistics for Zoolander Trivia

Click here to take the quiz!

General Stats

  • This quiz has been taken 5,558 times
    (2,094 since last reset)
  • The average score is 13 of 22

Answer Stats

Question Answer % Correct
Who stars as Derek Zoolander?Ben Stiller
97%
What actor plays that character?Owen Wilson
87%
What can't Derek Zoolander do?Turn {left}
84%
What is Zoolander's original "look"?Blue {Steel}
83%
Who stars as the evil fashion mogul Jacobim Mugatu?Will Ferrell
82%
How do Zoolander's roommates die?{Gasoline}-fight accident
73%
What is the profession of Derek's father and brothers?Coal Miner
70%
Fill in the blank...What is this? A center for {ants}?
60%
Where are the files?In the {computer}
59%
What is the term for a duel between male models?Walk-off
59%
What fashion accessory did Mugatu invent?{Piano}-key necktie
57%
Who is Zoolander's rival?Hansel
56%
What famous singer judged that event?David Bowie
55%
Who is Zoolander supposed to assassinate?Prime Minister of {Malaysia}
53%
Fill in the blank...A eugoogalizor, one who speaks at {funerals}
51%
What song triggers the assassination attempt?Relax
51%
What is Zoolander's new look?Magnum
49%
Fill in the blank...I feel like I'm taking {crazy} pills!
48%
What is the name Mugatu's homeless-inspired fashion line?Derelicte
44%
What actor plays Derek's father?Jon Voight
42%
Fill in the blank...{Orange} mocha frappuccino!
34%
What is the essence of wetness?Moisture
27%

Score Distribution

Percentile by Number Answered

Percent of People with Each Score

Your Score History

You have not taken this quiz since the last reset